=LDR 00000nam 2200000 4500 =001 INLIS000000000040553 =005 20240910013141 =035 ##$$a 0010-061300000040553 =041 ##$$a Ind =082 ##$$a 808.83 =090 ##$$a 808.83, Kam b =100 ##$$a Kamkwamba, William =245 1#$$a Bocah penjinak angin : $b Perjuangan membangkitkan arus listrik dan harapn di tengan padang Afrika /$c William Kamkwamba, Byan Mealer; Penerjemah, Dian Wulandari; Editor, Dyah Suci =260 ##$$a Tangerang,$c 2011 =300 ##$$a 396 hlm. ; $c 21x 10 Cm =650 #4$$a Cerita Histeris =700 #$$a Wulandadri,Dian =850 ##$$a NBPNMAT =020 ##$$a 978-602-8740-17-3 =084 ##$$a 808.83 KAM b =250 ##$$a Cet. 1 =008 240910################g##########0#ind## =990 ##$$a 21112348 =990 ##$$a 21112347 =990 ##$$a 1202401958 =990 ##$$a 21112348 =990 ##$$a 21112347 =990 ##$$a 1202401958